| 000 | 00000nam 2200000za 4500 |
| 001 | 9.843445 |
| 003 | CaOODSP |
| 005 | 20221107152526 |
| 007 | cr ||||||||||| |
| 008 | 170912s2015 quc #o f000 0 eng d |
| 040 | |aCaOODSP|beng |
| 043 | |an-cn--- |
| 086 | 1 |aEm7-3/7-2015E-PDF |
| 245 | 00|aAttention young workers! |h[electronic resource]. |
| 246 | 1 |iAt head of title: |aLabour program |
| 260 | |a[Gatineau, Quebec] : |bEmployment and Social Development Canada, |c[2015] |
| 300 | |a1 p. |
| 500 | |aIssued also in French under title: Attention, jeunes travailleurs! |
| 520 | |a"Forty percent of all workplace injuries happen during the first six months on the job. All of these injuries are preventable. Know your rights and responsibilities; inform yourself to protect yourself!" |
| 692 | 07|2gccst|aOccupational accidents |
| 692 | 07|2gccst|aOccupational safety |
| 710 | 1 |aCanada. |bEmployment and Social Development Canada. |bLabour Program. |
| 775 | 08|tAttention, jeunes travailleurs! |w(CaOODSP)9.843452 |
| 856 | 40|qPDF|s530 KB|uhttps://publications.gc.ca/collections/collection_2017/edsc-esdc/Em7-3-7-2015-eng.pdf |
| 986 | |aLT-279-05-15 |